000 00367nam a2200169Ia 4500
005 20250423101746.0
008 250422s9999 xx 000 0 und d
020 _a978- 0- 596- 52721- 1
050 _aQA 76.73.X58 .T53/
100 _aDoug Tidwell
245 0 _aXSLT
250 _a2nd
260 _bO'Reilly
260 _c2008
300 _a965 p
942 _cBK
999 _c37194
_d37194